书目信息 |
| 题名: |
土力学及基础工程学习辅导与习题精解
|
|
| 作者: | 杨小平 , 刘叔灼 , 莫海鸿 著 | |
| 分册: | ||
| 出版信息: | 北京 中国建筑工业出版社 2006.06 |
|
| 页数: | 206页 | |
| 开本: | 26cm | |
| 丛书名: | 高校土木工程专业学习辅导与习题精解丛书 | |
| 单 册: | ||
| 中图分类: | TU4 | |
| 科图分类: | ||
| 主题词: | 土力学--tu li xue--高等学校--教学参考资料 | |
| 电子资源: | ||
| ISBN: | 7-112-08590-X | |
| 000 | 01185nam 2200265 450 | |
| 001 | 012006416999 | |
| 005 | 20061205150946.34 | |
| 010 | @a7-112-08590-X@dCNY19.00 | |
| 100 | @a20061106d2006 km y0chiy0120 ea | |
| 101 | 0 | @achi |
| 102 | @aCN@b110000 | |
| 105 | @ay z 000yy | |
| 200 | 1 | @a土力学及基础工程学习辅导与习题精解@Atu li xue ji ji chu gong cheng xue xi fu dao yu xi ti jing jie@f莫海鸿, 杨小平, 刘叔灼著@Fmo hai hong,yang xiao ping,liu shu zhuo zhu |
| 210 | @a北京@c中国建筑工业出版社@d2006.06 | |
| 215 | @a206页@d26cm | |
| 225 | 2 | @a高校土木工程专业学习辅导与习题精解丛书@Agao xiao tu mu gong cheng zhuan ye xue xi fu dao yu xi ti jing jie cong shu |
| 330 | @a本书以例题和习题的形式诠释土木工程专业土力学及基础工程课程的基本内容。本书主要内容包括:土的物理性质及分类、土的渗透性及渗流、土中应力、土的压缩性及固结理论、地基沉降、土的抗剪强度、土压力等。 | |
| 410 | 0 | @12001 @a高校土木工程专业学习辅导与习题精解丛书 |
| 606 | 0 | @a土力学@Atu li xue@x高等学校@j教学参考资料 |
| 690 | @aTU4@v4 | |
| 701 | 0 | @a杨小平@Ayang xiao ping@4著 |
| 701 | 0 | @a刘叔灼@Aliu shu zhuo@4著 |
| 701 | 0 | @a莫海鸿@Amo hai hong@4著 |
| 801 | 0 | @aCN@c20061205 |
| 905 | @a10447@dTU4@eM852 | |
| 土力学及基础工程学习辅导与习题精解/莫海鸿, 杨小平, 刘叔灼著.-北京:中国建筑工业出版社,2006.06 |
| 206页;26cm.-(高校土木工程专业学习辅导与习题精解丛书) |
| ISBN 7-112-08590-X:CNY19.00 |
| 本书以例题和习题的形式诠释土木工程专业土力学及基础工程课程的基本内容。本书主要内容包括:土的物理性质及分类、土的渗透性及渗流、土中应力、土的压缩性及固结理论、地基沉降、土的抗剪强度、土压力等。 |
| ● |
| 相关链接 |
|
|
|
正题名:土力学及基础工程学习辅导与习题精解
索取号:TU4/M852
 
预约/预借
| 序号 | 登录号 | 条形码 | 馆藏地/架位号 | 状态 | 备注 |
| 1 | 226715 | 202267153 | 建筑库101/101建筑库 92排4列1层/ [索取号:TU4/M852] | 在馆 | |
| 2 | 226716 | 202267162 | 建筑库101/ [索取号:TU4/M852] | 在馆 | |
| 3 | 226717 | 202267171 | 建筑库101/101建筑库 92排4列1层/ [索取号:TU4/M852] | 在馆 | |
| 4 | 226718 | 202267180 | 建筑库101/101建筑库 92排4列1层/ [索取号:TU4/M852] | 在馆 | |
| 5 | 226719 | 202267199 | 建筑库101/101建筑库 92排4列1层/ [索取号:TU4/M852] | 在馆 |